| Поле | Инд. | ПП | Название | Значение |
|---|---|---|---|---|
| Тип записи | a | |||
| Библиографический уровень | b | |||
| 001 | Контрольный номер | UNIDUBNA54ffb78ddcff4bda8e68118e20c7ae97 | ||
| 005 | Дата корректировки | 20240619173022.0 | ||
| 008 | Кодируемые данные | 20170331 | ||
| 040 | b | Код языка каталог. | rus | |
| e | Правила каталог. | PSBO | ||
| 041 | 0_ | a | Код языка текста | rus |
| 084 | a | Индекс другой классификации/Индекс ББК | 60.9 | |
| 100 | 1_ | a | Автор | Лазарева Л. В. |
| 245 | 10 | a | Заглавие | Социальная работа в нестандартных ситуациях |
| 520 | 0_ | a | Аннотация | Об организации оперативной и своевременной помощи населению, пострадавшему от пандемии COVID-19, беженцам из зоны специальной военной операции и другим категориям граждан. |
| 650 | 14 | a | Основная рубрика | социальная работа |
| 653 | 0_ | a | Ключевые слова | "Горячая линия" (телефонная связь) |
| a | Ключевые слова | COVID-19 | ||
| a | Ключевые слова | благотворительность | ||
| a | Ключевые слова | волонтерство | ||
| a | Ключевые слова | гуманитарная помощь | ||
| a | Ключевые слова | дистанционное обслуживание | ||
| a | Ключевые слова | информационная поддержка | ||
| a | Ключевые слова | качество жизни | ||
| a | Ключевые слова | комплексная помощь | ||
| a | Ключевые слова | пандемия | ||
| a | Ключевые слова | патронаж | ||
| a | Ключевые слова | пожилые люди | ||
| a | Ключевые слова | психокоррекция | ||
| a | Ключевые слова | социальное обслуживание | ||
| a | Ключевые слова | социально-психологическая помощь | ||
| a | Ключевые слова | социально-психологическое сопровождение | ||
| a | Ключевые слова | трудная жизненная ситуация | ||
| 773 | 08 | t | Заглавие источника | Работник социальной службы |
| d | Дата издания источника | 2023 | ||
| g | Прочая информация | № 2. - С. 23 - 28 | ||
| w | Контрольный № источника | UNIDUBNAded786d9511c41638c8c9ffc55fb48cb | ||
| 901 | t | Тип документа | b |